Omar Rudberg song from the first line - Statistics

General Stats
  • This quiz has been taken 270 times
    193 since last reset
  • The average score is 20 of 36
Answer Stats
Lyrics Song Title % Correct
"I've been watching you all night" Mi Casa Su Casa
89%
"I'm writing a song dedicated to..." Mama
85%
"I've been hearin' symphonies" Symphony
83%
"She gets a little high when she feels a little low" She Fell In Love In The Summer
80%
"Whatever happened to the funky race" It Takes A Fool To Remain Sane
78%
"You say, all you wanna be is remembered" Remember
76%
"Forna dagar, flydda år" Simon's Song
74%
"Bienvenida a mi casa" QUE PASA
72%
"Helpless // Life's a maze and we've been looking for something to do" Coast Side
67%
"Got your number ready on my phone" Moving Like That
67%
"Ella es latinoamericana" Yo Dije OUFF
67%
"Varför vill jag ha det som jag aldrig kan få?" Dum
66%
"Hon är latino amerikana" Alla Ba OUFF
65%
"Let me rewind it, rewind it" Pull Up
59%
"I'll do it all a thousand times to call you home" Breathe
58%
"Didn't mean to fall in love" Red Light
58%
"Saknar hur du rör" LÄPPAR
55%
"I wanna lose myself" Call Me By Your Name
54%
"Tú dejas a ese, y yo dejo a esa" La Mesa
54%
"Qué rico lo que hicimos a la orilla del mar" Como Ayer
53%
"Oh // Counting down the seconds 'til you're gone" Bye Bye
52%
"I'm so done with wasting time" Talk
52%
"Tonight's the night we're gonna make it happen" I'm So Excited
49%
"Solo, de noche, desnudo en mi cama, todo aburrido" Que Puedo Hacer?
45%
"Too much aggression, ay, ay" Happier
44%
"När du aldrig varit kär" Min Första (I Will Always Be Your Soldier)
43%
"Jag är för nära dig nuKan inte hålla mig lugn" Om Om och Om Igen
42%
"Första timmen, visste inte vem du var" Jag e nån annan
41%
"We both know what we're headin' for" In The Sunrise
38%
"'I'm in the mood for a long, long night, switch the light" Off My Mind
37%
"Vi stannar kvar utanför klubben" Nakna
36%
"Min bästa vän, vi står här än" Om du inte fanns (Don't Wait)
34%
"Tú, la misma siempre tú" La Incondicional
29%
"Det här är en sång, till en blomma" Höj ett glas (Fanfar)
27%
"Cada día quiero más, no tengo la paciencia para esperar" Todo De Ti
19%
"Hur du rör dig hur du rör mig" på min telephone toda la noche
15%
No matching quizzes found
Score Distribution
Percent of People with Each Score
Percentile by Number Answered
Your Score History
You have not taken this quiz since the last reset